Μελέτη των προβλέψεων κλιματικών μοντέλων στο πλαίσιο του CMIP5 για την ηλιακή και γήινη ακτινοβολία σε πλανητικό επίπεδο μέχρι το 2100 : πτυχιακή εργασία

Αποθηκεύτηκε σε:
Λεπτομέρειες βιβλιογραφικής εγγραφής
Κύριος συγγραφέας: Σταθόπουλος, Μενέλαος
Συγγραφή απο Οργανισμό/Αρχή: Πανεπιστήμιο Αιγαίου. Σχολή Περιβάλλοντος. Τμήμα Περιβάλλοντος
Μορφή: Thesis Βιβλίο
Γλώσσα:Greek
Δημοσίευση: 2016.
Ετικέτες: Προσθήκη ετικέτας
Δεν υπάρχουν, Καταχωρήστε ετικέτα πρώτοι!

MARC

LEADER 00000cam a2200000 a 4500
001 1/120761
008 200129s2016####gr | ||| |||| ||gre||
040 |a GR-MyUa  |b gre  |c GR-MyUa  |e AACR2 
041 0 |a gre 
082 7 |a 0000  |2 (23) 
100 1 |a Σταθόπουλος, Μενέλαος. 
245 1 0 |a Μελέτη των προβλέψεων κλιματικών μοντέλων στο πλαίσιο του CMIP5 για την ηλιακή και γήινη ακτινοβολία σε πλανητικό επίπεδο μέχρι το 2100 :   |b πτυχιακή εργασία /   |c Σταθόπουλος Μενέλαος ; επιβλέπων καθηγητής: Ματσούκας Χρήστος.  
260 |c 2016.  
300 |a 57 σ. :   |b πιν., σχ. ;   |c 29 εκ.  
502 |a Πτυχιακή εργασία - Πανεπιστήμιο Αιγαίου, Μυτιλήνη, 2016.  
504 |a Βιβλιογραφία: σ. 56-57.  
506 0 |a Ηλεκτρονική διάθεση στο πλήρες κείμενο - ελεύθερης πρόσβασης.  
700 1 |a Ματσούκας, Χρήστος,  |e dgs 
710 2 |a Πανεπιστήμιο Αιγαίου.   |b Σχολή Περιβάλλοντος.   |b Τμήμα Περιβάλλοντος. 
852 |a INST  |b LESVOS  |c DIATR  |e 20200129  |h 1731  |p 005100062740  |q 005100062740  |t DIE  |y 23 
920 |a Σταθόπουλος  |b Μενέλαος  |y Λέσβος  |z 2016-08 
970 |a Καμάτσου  |b Δέσποινα  |z 29-01-2020